000 00448nam a22001817a 4500
003 MPLRDC
005 20220104143454.0
008 210129b ||||| |||| 00| 0 eng d
020 _a962-447-048-0
082 _a857.621 NK-5 v.4 c.2
100 _a倪匡
245 _a到阴间去
_c
260 _a
_b明窗出版社
_c1995
300 _b
490 _a卫斯理科幻系列. 4
650 _a科幻小说
942 _cBK
_o857.621 NK-5 v.4 c.2
999 _c40236
_d40226